Kovová depozita mladší doby bronzové z hradiska Réna u Ivančic = Metalldeponierungen der älteren Urnenfelderzeit von der Wallanlage Réna bei Ivančice /

Hlavní autor: Salaš, Milan, 1957-
Jazyk: Němčina
Čeština
Vydáno: Brno : Moravské zemské muzeum, 2018
Vydání: Vydání 1.
Témata:
Fyzický popis: 278 stran : ilustrace (převážně barevné), mapy, plány ; 25 cm
Language note: Souběžný německý text, anglické resumé
Knihy
Uloženo v:
LEADER 02832nam a2200685 i 4500
001 nkc20193071026
003 CZ PrNK
005 20260416101852.0
007 ta
008 190116s2018 xr abe e c 000 0 cze
015 |a cnb003071026 
020 |a 978-80-7028-504-6  |q (vázáno) 
035 |a (OCoLC)1089705622 
040 |a OLA001  |b cze  |e rda 
041 1 |a cze  |a ger  |b eng  |h cze 
043 |a e-xr---  |b e-xr-jm  |2 czenas 
072 7 |a 903  |x Pravěk  |2 Konspekt  |9 8 
080 |a 903.2  |2 MRF 
080 |a 903.8  |2 MRF 
080 |a 903.2-034  |2 MRF 
080 |a 903"6377"  |2 MRF 
080 |a 711.459.6"634/653"  |2 MRF 
080 |a (437.322)  |2 MRF 
080 |a (048.8)  |2 MRF 
080 |a (083.82)  |2 MRF 
100 1 |a Salaš, Milan,  |d 1957-  |7 mzk2002161000  |4 aut 
245 1 0 |a Kovová depozita mladší doby bronzové z hradiska Réna u Ivančic =  |b Metalldeponierungen der älteren Urnenfelderzeit von der Wallanlage Réna bei Ivančice /  |c Milan Salaš 
246 3 1 |a Metalldeponierungen der älteren Urnenfelderzeit von der Wallanlage Réna bei Ivančice 
250 |a Vydání 1. 
264 1 |a Brno :  |b Moravské zemské muzeum,  |c 2018 
300 |a 278 stran :  |b ilustrace (převážně barevné), mapy, plány ;  |c 25 cm 
336 |a text  |b txt  |2 rdacontent 
337 |a bez média  |b n  |2 rdamedia 
338 |a svazek  |b nc  |2 rdacarrier 
504 |a Obsahuje bibliografii 
546 |a Souběžný německý text, anglické resumé 
650 0 7 |a archeologické nálezy  |7 ph137683  |z Česko  |2 czenas 
650 0 7 |a depoty  |7 ph257193  |z Česko  |2 czenas 
650 0 7 |a předměty z kovu  |7 ph139240  |z Česko  |2 czenas 
650 0 7 |a mladší doba bronzová  |7 ph254509  |z Česko  |2 czenas 
650 0 7 |a hradiště  |7 ph206867  |z Česko  |2 czenas 
650 0 9 |a antiquities  |z Czechia  |2 eczenas 
650 0 9 |a archaeological depots  |z Czechia  |2 eczenas 
650 0 9 |a metal objects  |z Czechia  |2 eczenas 
650 0 9 |a younger bronze age  |z Czechia  |2 eczenas 
650 0 9 |a hillforts  |z Czechia  |2 eczenas 
651 7 |a Réna u Ivančic (Česko : archeologická lokalita)  |7 ge1022360  |2 czenas 
651 9 |a Réna u Ivančic (Czechia : archaeological site)  |2 eczenas 
655 7 |a monografie  |7 fd132842  |2 czenas 
655 7 |a katalogy  |7 fd132535  |2 czenas 
655 9 |a monographs  |2 eczenas 
655 9 |a catalogs  |2 eczenas 
700 1 2 |a Salaš, Milan,  |d 1957-  |t Kovová depozita mladší doby bronzové z hradiska Réna u Ivančic 
700 1 2 |a Salaš, Milan,  |d 1957-  |t Kovová depozita mladší doby bronzové z hradiska Réna u Ivančic.  |l Německy 
910 2 |a BOA001  |b 2-1421.296 
990 |a BK 
995 |a 01 
991 |b 201901  |c NOV 
996 6 |b 2610768464  |c 2-1421.296  |l MZK  |r Sklad / do 1 hodiny  |n 0  |p p.v.  |w 001703754  |u 000010  |a 1  |e BOA001  |j MZK50  |s P 
996 7 |b 2610768465  |c 2-1421.296  |l MZK  |r Sklad / do 1 hodiny  |n 4  |p p.v.  |w 001703754  |u 000020  |a 1  |e BOA001  |j MZK50  |s A